kolęda "Anioł pasterzom mówił" - uzupełnianka - Statystyki

Ogólne statystyki
  • Ten quiz został rozwiązany 205 razy
  • Średni wynik to 6 z 21
Statystyki odpowiedzi
Tekst zwrotki % Poprawnych
Anioł pasterzom mówił: Chrystus się {wam} narodził
92%
Narodził się w ubóstwie Pan {wszego} stworzenia.
84%
Znaleźli dziecię w żłobie, {Maryję} z Józefem.
77%
w Betlejem, nie bardzo {podłym} mieście.
67%
Chcąc się dowiedzieć tego {poselstwa} wesołego,
63%
Pan {wszego} stworzenia.
62%
bieżeli do Betlejem {skwapliwie}.
42%
Taki Pan chwały wielkiej, uniżył się {Wysoki},
28%
pałacu {kosztownego} żadnego nie miał zbudowanego
27%
jako Ojcu, tak i Jego {Synowi}
18%
i Świętemu Duchowi, w {Trójcy} jedynemu
16%
O dziwne {narodzenie}, nigdy niewysławione !
9%
Poczęła Panna Syna w {czystości},
8%
porodziła w {całości} Panieństwa swojego.
5%
Bogu bądź cześć i chwała, która byś {nie ustała},
4%
{Arona} różdżka ona zielona
3%
Już się ono spełniło, co pod {figurą} było:
3%
Słuchajcież Boga {Ojca}, jako wam Go zaleca:
3%
stała się nam kwitnąca i owoc {rodząca}.
3%
Ten ci jest Syn {najmilszy}, jedyny,
2%
w raju wam obiecany, Tego wy {słuchajcie}.
2%
Nie znaleziono quizów pasujących do podanych kryteriów
Rozkład punktacji
Procent ludzi z każdym wynikiem
Percentyl według liczby udzielonych odpowiedzi
Twoja historia wyników
Nie rozwiązałeś tego quizu